|
|
|
|
| LEADER |
00556nam a2200145Ia 4500 |
| 008 |
150624b xxu||||| |||| 00| | mal d |
| 082 |
|
|
|a 891.4336M1
|
| 100 |
|
|
|a Marquez, Gabriel Garcia
|
| 245 |
|
|
|c Gabriel Garcia Marquez
|a Kenalinu aarum ezhuthunnilla /
|
| 260 |
|
|
|a Thrissur :
|b Nishagandhi Publications ,
|c 2001.
|
| 300 |
|
|
|a 127 p.
|
| 546 |
|
|
|a In Malayalam.
|
| 942 |
|
|
|c BK
|
| 999 |
|
|
|c 84901
|d 84901
|
| 952 |
|
|
|0 0
|1 0
|4 0
|6 891_000000000000000_4336M1_NOO
|7 0
|9 84845
|a UL
|b UL
|c ST1
|d 2005-04-15
|e HB
|l 14
|m 1
|o 891.4336M1 NOO
|p 78944
|r 2018-11-13
|s 2018-09-15
|v 80.00
|w 2012-10-27
|y BK
|